| 000 | 00800nam a22003137a 4500 | ||
|---|---|---|---|
| 001 | 0174 | ||
| 003 | DO-SdBNP | ||
| 005 | 20180510142840.0 | ||
| 007 | 0174 | ||
| 008 | 151005b 200 1975 sp 00| 0 spa d | ||
| 020 | _a8426157505 | ||
| 020 | _a8477224056 | ||
| 040 |
_aBPMSU _bspa _cBPMSU |
||
| 092 |
_aXXXX _bXXXX |
||
| 100 | 1 | _aGrée, Alain | |
| 245 | 1 | 0 |
_aTom, Irene y los animales domésticos / _cAlain Grée ; ilustraciones de Gerard Grée |
| 260 |
_aBarcelona : _bJuventud, _c1975. |
||
| 300 |
_a19 p : _bil. _c26cm. |
||
| 490 | 1 | _aPanorama | |
| 490 | 1 | _aTom e Irene | |
| 500 | _aLibro de pasta dura | ||
| 700 | 1 | 2 |
_aGrée, Gerard _eil. |
| 830 | 0 | _aPanorama | |
| 830 | 0 | _aTom e Irene | |
| 910 | _a144 | ||
| 942 |
_2ddc _cBK |
||
| 945 | _aInventariado, 2017/YL | ||
| 956 | _aYngrid Lockward | ||
| 999 |
_c9252 _d9252 |
||